Organizácia a riadenie výroby priemyselných podnikov

Uložené v:
Podrobná bibliografia
Hlavný autor: Leščišin, Michal
Korporativný autor: Vysoká škola ekonomická v Bratislave
Ďalší autori: Líbal, Vladimír, Marko, Jozef
Médium: Kniha
Jazyk:Slovak
Vydavateľské údaje: Bratislava ALFA 1979
Predmet:
Tagy: Pridať tag
Žiadne tagy, Buďte prvý, kto otaguje tento záznam!

MARC

LEADER 00000nam$a2200000$$$4500
001 0128083
005 20240502072448.4
041 0 |a slo 
044 |a SK 
245 1 0 |a Organizácia a riadenie výroby priemyselných podnikov  |c Michal Leščišin 
264 1 |a Bratislava  |b ALFA  |c 1979 
300 |a 447 s. 
610 2 0 |a riadenie výroby 
610 2 0 |a organizácia výroby 
610 2 0 |a podnik priemyselný 
610 2 0 |a obsluha výroby 
610 2 0 |a riadenie kvality 
610 2 0 |a analýza systémová 
610 2 0 |a modelovanie 
100 1 |a Leščišin, Michal 
700 1 |a Líbal, Vladimír 
700 1 |a Marko, Jozef 
710 2 |a Vysoká škola ekonomická v Bratislave